Les Heures (mythologie grecque) - Statistiques

Statistiques générales
  • Ce quiz a été pris 10 fois
  • Le résultat moyen est 3 sur 12
Statistiques - réponses
Hint Réponse % Correct
La Musique Musica
80%
La première lueur du jour Augé
60%
La Gymnastique Gymnasia
40%
Le Bain, l'Heure des ablutions et du bain Nymphé
40%
L'Après-Midi ou l'Heure du repas et du plaisir Acté
20%
L'aurore (ou le Lever du Soleil) Anatolé ou Antolie
20%
La dernière Lueur du jour Arctos
20%
Le Soir Hespéris
20%
Le Crépuscule ou le Coucher du Soleil Dysis
0%
La Sieste ou l'Heure de la prière Élété
0%
Le Midi Mésembria
0%
Les Libations versées après le repas Spondé
0%
Aucun quiz correspondant
Distribution des résultats
% des personnes avec chaque résultat
Percentile par nombre de réponses
Votre historique - résultats
Vous n’avez pas pris ce quiz